Zavedenie eura a jeho vplyv na spotrebiteľské správanie diplomová práca

Saved in:
Bibliographic Details
Main Author: Švorc, Peter
Corporate Author: Obchodná fakulta EU. Katedra marketingu
Other Authors: Štofilová, Jana
Format: Book
Language:Slovak
Published: Bratislava 2009
Tags: Add Tag
No Tags, Be the first to tag this record!

MARC

LEADER 00000nam$a2200000$$$4500
001 0098039
005 20240318135559.1
041 0 |a slo 
044 |a SK 
245 1 0 |a Zavedenie eura a jeho vplyv na spotrebiteľské správanie  |b diplomová práca  |c Peter Švorc ; škol. Jana Štofilová 
264 1 |a Bratislava  |c 2009 
300 |a 66 s. 
100 1 |a Švorc, Peter 
700 1 |a Štofilová, Jana 
710 2 |a Obchodná fakulta EU. Katedra marketingu